[Event "Santa Cruz Regional Norte zt"]
[Site "Santa Cruz"]
[Date "2017.05.07"]
[Round "5"]
[White "Quaranta Neto, Francisco"]
[Black "Borges, Caique Ferreira"]
[Result "1/2-1/2"]
[WhiteElo "1977"]
[BlackElo "1758"]
[PlyCount "148"]
[EventDate "2017.05.05"]
[EventType "swiss"]
[EventRounds "6"]
[EventCountry "BRA"]
[SourceTitle "EXT 2018"]
[Source "ChessBase"]
[SourceDate "2017.10.13"]
[SourceVersion "1"]
[SourceVersionDate "2017.10.13"]
[SourceQuality "1"]

1. e4 e5 2. Nf3 Nc6 3. Bb5 a6 4. Ba4 Nf6 5. 0-0 Be7 6. Re1 b5 7. Bb3 0-0 8. c3 d5 9. exd5 Nxd5 10. Nxe5 Nxe5 11. Rxe5 c6 12. Bxd5 cxd5 13. d4 Bd6 14. Re2 Qh4 15. g3 Qh5 16. Re1 Bg4 17. Qd3 Rae8 18. Be3 f5 19. f4 Rf6 20. Nd2 Rh6 21. Nf1 Bf3 22. Qd2 Re4 23. Qf2 Bg4 24. Bd2 Rhe6 25. Rxe4 fxe4 26. a4 Be2 27. Ne3 Be7 28. axb5 Bxb5 29. f5 Rd6 30. g4 Qh3 31. Qg3 Qxg3+ 32. hxg3 Kf7 33. Kf2 Rh6 34. Rg1 Bg5 35. b3 Rh2+ 36. Rg2 Rh1 37. c4 dxc4 38. bxc4 Bxe3+ 39. Kxe3 Bxc4 40. Kxe4 Rb1 41. Bf4 Rb5 42. Rc2 Bd5+ 43. Kd3 Rb3+ 44. Kd2 Rb7 45. Rc5 Bf3 46. g5 Bg4 47. g6+ hxg6 48. fxg6+ Ke7 49. Be5 Kf8 50. Rc6 Ra7 51. Rb6 Bf5 52. Bd6+ Ke8 53. Bc5 Bc8 54. Kc3 a5 55. Rb8 Rc7 56. Ra8 Rc6 57. Kc4 Kd7 58. Ra7+ Rc7 59. Rxa5 Ke6 60. d5+ Kf5 61. Kd4 Kxg6 62. Ke5 Kf7 63. Ra3 Rxc5 64. Kd6 Rc4 65. Ra7+ Kf6 66. Ra8 Rc3 67. Rb8 g5 68. Ra8 g4 69. Rb8 Kf5 70. Ke7 Ke5 71. d6 Ke4 72. Kd8 Bf5 73. Rb4+ Kf3 74. Rf4+ Kxg3 1/2-1/2

[Event "Santa Cruz Regional Norte zt"]
[Site "Santa Cruz"]
[Date "2017.05.06"]
[Round "4"]
[White "Borges, Caique Ferreira"]
[Black "Da Silva, Joao Batista Amaral"]
[Result "1-0"]
[WhiteElo "1758"]
[BlackElo "1798"]
[PlyCount "93"]
[EventDate "2017.05.05"]
[EventType "swiss"]
[EventRounds "6"]
[EventCountry "BRA"]
[SourceTitle "EXT 2018"]
[Source "ChessBase"]
[SourceDate "2017.10.13"]
[SourceVersion "1"]
[SourceVersionDate "2017.10.13"]
[SourceQuality "1"]

1. e4 c5 2. Nc3 Nc6 3. Nf3 e5 4. Bc4 h6 5. d3 Nf6 6. h3 Be7 7. Nd5 d6 8. Nxe7 Qxe7 9. Be3 a6 10. a4 Be6 11. Bxe6 fxe6 12. Nd2 d5 13. f3 Rc8 14. c3 Nh5 15. 0-0 Nf4 16. Bxf4 exf4 17. exd5 Nd8 18. Re1 0-0 19. Qb3 Kh8 20. Re4 Qf6 21. dxe6 c4 22. Rxc4 Rxc4 23. Qxc4 Nxe6 24. Re1 Ng5 25. Ne4 Nxe4 26. Rxe4 Qb6+ 27. Kf1 Qxb2 28. Qb4 Qxb4 29. Rxb4 Rf7 30. c4 Rc7 31. Ke2 Kg8 32. d4 Kf7 33. Kd3 Ke6 34. Ke4 g5 35. c5 Re7 36. Rb6+ Kf7+ 37. Kd5 Rd7+ 38. Rd6 Ke7 39. a5 Kd8 40. c6 bxc6+ 41. Kxc6 Rxd6+ 42. Kxd6 Kc8 43. Kc6 Kd8 44. Kb6 Kd7 45. Kxa6 Kc6 46. Ka7 Kc7 47. a6 1-0

[Event "Joao Pessoa Fischer Memorial 8th"]
[Site "Joao Pessoa"]
[Date "2017.03.18"]
[Round "4"]
[White "Aragao, Hudson Oliveira Fon"]
[Black "Borges, Caique Ferreira"]
[Result "0-1"]
[WhiteElo "1553"]
[BlackElo "1784"]
[PlyCount "98"]
[EventDate "2017.03.17"]
[EventType "swiss"]
[EventRounds "6"]
[EventCountry "BRA"]
[SourceTitle "CBM 177 Extra"]
[Source "ChessBase"]
[SourceDate "2017.04.27"]
[SourceVersion "1"]
[SourceVersionDate "2017.04.27"]
[SourceQuality "1"]

1. d4 Nf6 2. c4 d6 3. Nc3 g6 4. e4 Bg7 5. Nf3 0-0 6. Be2 e5 7. d5 Nh5 8. 0-0 f5 9. exf5 Bxf5 10. Bg5 Qd7 11. Nh4 Nf4 12. Bxf4 exf4 13. Nxf5 Qxf5 14. Bg4 Qg5 15. Be6+ Kh8 16. Qf3 Na6 17. Ne4 Qh4 18. Rab1 Nb4 19. a3 Nc2 20. Qh3 Qxh3 21. Bxh3 h6 22. Rfc1 Nd4 23. Kf1 Rae8 24. f3 Nf5 25. Bxf5 Rxf5 26. Rc2 g5 27. h3 Bd4 28. b3 a5 29. Rd1 Bc5 30. a4 b6 31. Re1 Be3 32. Rce2 Kg7 33. Nf2 Bxf2 34. Rxe8 Bxe1 35. Rxe1 Re5 36. Re2 Kf6 37. Kf2 h5 38. Kf1 Kg6 39. Kf2 Kf5 40. Kf1 Re3 41. Kf2 Rxb3 42. Re7 Rb4 43. Rxc7 Rxa4 44. Rc6 Ke5 45. Rxb6 Rxc4 46. Ra6 Rc5 47. Ra8 Kxd5 48. Ke2 Kd4 49. Re8 Re5+ 0-1

[Event "Natal Potiguar op"]
[Site "Natal"]
[Date "2016.07.02"]
[Round "4"]
[White "Souza, Rafael Cabral de"]
[Black "Borges, Caique Ferreira"]
[Result "1-0"]
[WhiteElo "2156"]
[BlackElo "1798"]
[PlyCount "35"]
[EventDate "2016.07.01"]
[EventType "swiss"]
[EventRounds "6"]
[EventCountry "BRA"]
[SourceTitle "EXT 2017"]
[Source "ChessBase"]
[SourceDate "2016.10.25"]
[SourceVersion "1"]
[SourceVersionDate "2016.10.25"]
[SourceQuality "1"]

1. e4 e5 2. Nf3 Nc6 3. Bc4 Bc5 4. c3 Nf6 5. d3 h6 6. 0-0 Bb6 7. Bb3 d6 8. Nbd2 Bg4 9. Re1 0-0 10. h3 Bh5 11. Nf1 a5 12. Ng3 Bg6 13. Nh4 Bh7 14. Qf3 Qd7 15. Bxh6 Nxe4 16. dxe4 gxh6 17. Nh5 Qd8 18. Qg3+ 1-0

[Event "Potiguar-ch Juniors"]
[Site "Natal"]
[Date "2016.05.15"]
[Round "4.1"]
[White "Frankental, David"]
[Black "Borges, Caique Ferreira"]
[Result "0-1"]
[WhiteElo "1755"]
[BlackElo "1798"]
[PlyCount "76"]
[EventDate "2016.05.13"]
[EventType "tourn"]
[EventRounds "5"]
[EventCountry "BRA"]
[SourceTitle "EXT 2022"]
[Source "ChessBase"]
[SourceDate "2021.10.06"]
[SourceVersion "1"]
[SourceVersionDate "2021.10.06"]
[SourceQuality "1"]

1. Nf3 Nf6 2. c4 g6 3. b3 Bg7 4. Bb2 0-0 5. g3 d6 6. Bg2 Nc6 7. 0-0 e5 8. Nc3 Nh5 9. e3 Bg4 10. Ne2 Qf6 11. Ne1 Qe6 12. Bd5 Qf5 13. Ng2 e4 14. Bxg7 Kxg7 15. Nh4 Qe5 16. d4 Qe7 17. Bxc6 bxc6 18. Qd2 g5 19. Ng2 Bh3 20. Rfc1 Qf6 21. d5 Bxg2 22. Kxg2 Qf3+ 23. Kg1 Nf6 24. Nc3 h5 25. Qe2 Qf5 26. Rd1 h4 27. dxc6 Rh8 28. Kh1 hxg3 29. fxg3 Ng4 30. Rf1 Qe6 31. h4 gxh4 32. Kg2 hxg3 33. Rh1 Nh2 34. Kg1 Nf3+ 35. Kg2 Qg4 36. Rxh8 Rxh8 37. Rh1 Rh2+ 38. Rxh2 gxh2+ 0-1

[Event "Rio Grande do Norte zt CBX"]
[Site "Natal"]
[Date "2016.04.22"]
[Round "1.9"]
[White "Borges, Caique Ferreira"]
[Black "Ananias, Thales Rodrigo Lima"]
[Result "1-0"]
[WhiteElo "1788"]
[BlackElo "1481"]
[PlyCount "55"]
[EventDate "2016.04.22"]
[EventType "swiss"]
[EventRounds "6"]
[EventCountry "BRA"]
[SourceTitle "EXT 2022"]
[Source "ChessBase"]
[SourceDate "2021.10.06"]
[SourceVersion "1"]
[SourceVersionDate "2021.10.06"]
[SourceQuality "1"]

1. e4 c5 2. Nc3 d6 3. g3 g6 4. Bg2 Bg7 5. Nh3 Nf6 6. 0-0 Bg4 7. f3 Be6 8. Ng5 Qd7 9. d3 Nc6 10. Be3 0-0 11. Qd2 Rfd8 12. Nxe6 Qxe6 13. Bh6 d5 14. Bxg7 Kxg7 15. exd5 Nxd5 16. Rfe1 Qf6 17. f4 e6 18. Kh1 Nd4 19. Re5 Nb4 20. Ne4 Qe7 21. c3 Ndc6 22. cxb4 Nxe5 23. fxe5 cxb4 24. Nd6 f6 25. Qxb4 Qc7 26. exf6+ Kxf6 27. Rf1+ Kg5 28. Qh4# 1-0

[Event "Joao Pessoa Fischer Memorial 7th"]
[Site "Joao Pessoa"]
[Date "2016.03.12"]
[Round "4"]
[White "Borges, Caique Ferreira"]
[Black "Danda, Bruno"]
[Result "1-0"]
[WhiteElo "1778"]
[BlackElo "1800"]
[PlyCount "67"]
[EventDate "2016.03.11"]
[EventType "swiss"]
[EventRounds "6"]
[EventCountry "BRA"]
[SourceTitle "CBM 171 Extra"]
[Source "ChessBase"]
[SourceDate "2016.04.26"]
[SourceVersion "1"]
[SourceVersionDate "2016.04.26"]
[SourceQuality "1"]

1. e4 c5 2. Nc3 g6 3. d4 cxd4 4. Qxd4 Nf6 5. e5 Nc6 6. Qe3 Ng4 7. Qg3 Ngxe5 8. f4 Nd4 9. Qf2 Nec6 10. Bd3 Bg7 11. Be3 0-0 12. f5 d6 13. g4 a6 14. Nf3 Nxf3+ 15. Qxf3 Qa5 16. 0-0 Nd4 17. Qf2 Nc6 18. Rae1 Qb4 19. h3 Qxb2 20. Nd5 Qxa2 21. Nb6 Rb8 22. Bc4 Qa5 23. fxg6 e6 24. gxf7+ Kh8 25. Nxc8 Rbxc8 26. Bxe6 Rb8 27. Qh4 Nd4 28. Bf5 Nxf5 29. Rxf5 Qd8 30. g5 Rc8 31. Qh5 Qe7 32. g6 h6 33. Bd2 Qc7 34. Bxh6 1-0

[Event "Joao Pessoa Fischer Memorial 7th"]
[Site "Joao Pessoa"]
[Date "2016.03.11"]
[Round "2"]
[White "Borges, Caique Ferreira"]
[Black "Nascimento, Emerly Gomes"]
[Result "1-0"]
[WhiteElo "1778"]
[BlackElo "1375"]
[PlyCount "63"]
[EventDate "2016.03.11"]
[EventType "swiss"]
[EventRounds "6"]
[EventCountry "BRA"]
[SourceTitle "CBM 171 Extra"]
[Source "ChessBase"]
[SourceDate "2016.04.26"]
[SourceVersion "1"]
[SourceVersionDate "2016.04.26"]
[SourceQuality "1"]

1. e4 e5 2. f4 d5 3. exd5 exf4 4. Nf3 Nf6 5. c4 c6 6. d4 cxd5 7. Bxf4 h6 8. Nc3 Nc6 9. Be2 Be7 10. 0-0 0-0 11. Kh1 Bg4 12. c5 b6 13. Qa4 Na5 14. b4 Nc4 15. Qb3 Nh5 16. Bc1 Bg5 17. Bxg5 hxg5 18. Bxc4 dxc4 19. Qxc4 Qd7 20. Ne5 Qe6 21. Qxe6 Bxe6 22. d5 Bc8 23. c6 Nf6 24. d6 Rd8 25. Rad1 Nd7 26. cxd7 Bxd7 27. Rxf7 Be6 28. Re7 Re8 29. Nc6 Rxe7 30. dxe7 Re8 31. Ne4 Kf7 32. Nd6+ 1-0

[Event "Natal Potiguar-ch"]
[Site "Natal"]
[Date "2016.02.25"]
[Round "8"]
[White "Borges, Caique Ferreira"]
[Black "De Menezes, Ricardo Fagner Dias"]
[Result "1-0"]
[WhiteElo "1777"]
[BlackElo "1617"]
[PlyCount "103"]
[EventDate "2016.02.19"]
[EventType "tourn"]
[EventRounds "11"]
[EventCountry "BRA"]
[SourceTitle "CBM 171 Extra"]
[Source "ChessBase"]
[SourceDate "2016.04.26"]
[SourceVersion "1"]
[SourceVersionDate "2016.04.26"]
[SourceQuality "1"]

1. e4 e6 2. d4 d5 3. e5 c5 4. c3 Nc6 5. Nf3 Qb6 6. Be2 c4 7. 0-0 Nge7 8. Nh4 Bd7 9. Kh1 Ng6 10. Nxg6 hxg6 11. f4 0-0-0 12. Bg4 Ne7 13. Rf3 Nf5 14. Rh3 Be7 15. b3 Qa6 16. Qe2 Bb5 17. a4 Rxh3 18. Bxh3 Rh8 19. Bb2 Bc6 20. Nd2 Kb8 21. a5 Bb5 22. bxc4 Bxc4 23. Nxc4 dxc4 24. Ba3 Bxa3 25. Rxa3 Qc6 26. Kg1 Ne7 27. Bg4 Qb5 28. g3 a6 29. Qc2 Nd5 30. Be2 Qc6 31. Bf3 Qb5 32. Qa2 Rc8 33. Qa1 Rc7 34. Kg2 Ne3+ 35. Kh3 Nc2 36. Qc1 Nxa3 37. Qxa3 Qe8 38. Qd6 f6 39. Be4 f5 40. Bf3 Qe7 41. Qxe7 Rxe7 42. Kh4 Ka7 43. Kg5 b6 44. d5 exd5 45. Bxd5 bxa5 46. Bxc4 Rc7 47. Bd5 Rxc3 48. Kxg6 Rc2 49. e6 Re2 50. Kxg7 Rxh2 51. e7 Re2 52. Kf7 1-0

[Event "Natal Potiguar-ch"]
[Site "Natal"]
[Date "2016.02.22"]
[Round "5"]
[White "Borges, Caique Ferreira"]
[Black "Macedo, Alexandre Soares"]
[Result "0-1"]
[WhiteElo "1777"]
[BlackElo "1845"]
[PlyCount "90"]
[EventDate "2016.02.19"]
[EventType "tourn"]
[EventRounds "11"]
[EventCountry "BRA"]
[SourceTitle "CBM 171 Extra"]
[Source "ChessBase"]
[SourceDate "2016.04.26"]
[SourceVersion "1"]
[SourceVersionDate "2016.04.26"]
[SourceQuality "1"]

1. e4 c6 2. d4 d5 3. Nc3 dxe4 4. Nxe4 Nf6 5. Nxf6+ exf6 6. Nf3 Bd6 7. Bc4 Be6 8. Qe2 Qd7 9. 0-0 0-0 10. Re1 Bxc4 11. Qxc4 Na6 12. Bd2 Nc7 13. Bb4 Bxb4 14. Qxb4 Nd5 15. Qd2 Rfe8 16. Rxe8+ Rxe8 17. Re1 Re6 18. c4 Ne7 19. Re3 h6 20. Kf1 Nf5 21. Rd3 Rd6 22. Ke2 Qe6+ 23. Kd1 Qxc4 24. b3 Qd5 25. Qe1 Re6 26. Qb4 b6 27. Qc4 Qe4 28. Qc2 Rd6 29. Qd2 Rd5 30. Kc2 Nxd4+ 31. Nxd4 Rxd4 32. f3 Qxd3+ 33. Qxd3 Rxd3 34. Kxd3 Kf8 35. Kc4 f5 36. a4 a5 37. Kd4 Ke7 38. Ke5 g6 39. h4 f6+ 40. Kf4 Ke6 41. g3 g5+ 42. Ke3 Kd5 43. h5 Kc5 44. g4 Kb4 45. f4 gxf4+ 0-1

[Event "Natal Potiguar-ch"]
[Site "Natal"]
[Date "2016.02.21"]
[Round "4"]
[White "Rocha, Vitor Firmo de Souz"]
[Black "Borges, Caique Ferreira"]
[Result "1-0"]
[WhiteElo "2134"]
[BlackElo "1777"]
[PlyCount "89"]
[EventDate "2016.02.19"]
[EventType "tourn"]
[EventRounds "11"]
[EventCountry "BRA"]
[SourceTitle "CBM 171 Extra"]
[Source "ChessBase"]
[SourceDate "2016.04.26"]
[SourceVersion "1"]
[SourceVersionDate "2016.04.26"]
[SourceQuality "1"]

1. e4 e6 2. d4 b6 3. Bd3 Bb7 4. Nf3 d5 5. e5 c5 6. c3 h6 7. h4 Nc6 8. Nbd2 c4 9. Bc2 b5 10. a3 a5 11. h5 a4 12. Nh4 Nge7 13. f4 Na5 14. Nf1 Nb3 15. Rb1 Kd7 16. Be3 Qa5 17. g4 Nc6 18. Bxb3 axb3 19. Bd2 Be7 20. g5 Qd8 21. Qg4 Bxa3 22. bxa3 Rxa3 23. gxh6 gxh6 24. Qg7 Qf8 25. Rg1 Ke7 26. f5 Qxg7 27. Rxg7 Kf8 28. f6 Rg8 29. Ng6+ fxg6 30. Rxb7 g5 31. Rxb5 Na5 32. Nh2 Kf7 33. Ng4 Rh8 34. Rc5 Rh7 35. Rc7+ Kg8 36. Rc8+ Kf7 37. Bc1 Ra2 38. Bb2 Nb7 39. Kd1 Ra7 40. Ra1 Rxa1+ 41. Bxa1 Na5 42. Bb2 Nb7 43. Ba3 Nd8 44. Rxd8 Rh8 45. Rxh8 1-0

[Event "Natal Potiguar-ch"]
[Site "Natal"]
[Date "2016.02.20"]
[Round "2"]
[White "Dantas, David Luan de Barro"]
[Black "Borges, Caique Ferreira"]
[Result "0-1"]
[WhiteElo "1864"]
[BlackElo "1777"]
[PlyCount "52"]
[EventDate "2016.02.19"]
[EventType "tourn"]
[EventRounds "11"]
[EventCountry "BRA"]
[SourceTitle "CBM 171 Extra"]
[Source "ChessBase"]
[SourceDate "2016.04.26"]
[SourceVersion "1"]
[SourceVersionDate "2016.04.26"]
[SourceQuality "1"]

1. Nf3 Nf6 2. g3 g6 3. Bg2 Bg7 4. c4 0-0 5. d4 d6 6. Nc3 Nc6 7. 0-0 e5 8. d5 Ne7 9. e4 Ne8 10. Be3 f5 11. Qc1 Nf6 12. Nh4 fxe4 13. Nxe4 Nxe4 14. Bxe4 Bh3 15. Re1 Nf5 16. Bg5 Qd7 17. Bxf5 gxf5 18. Bh6 f4 19. Bxg7 Qxg7 20. Qc3 Rf6 21. Ng2 Raf8 22. Rad1 Rh6 23. Rd3 Bxg2 24. Kxg2 Qg4 25. Rh1 Qh3+ 26. Kg1 e4 0-1

[Event "Potiguar-ch"]
[Site "Macaiba"]
[Date "2015.12.13"]
[Round "4.2"]
[White "Borges, Caique Ferreira"]
[Black "Medeiros, Israel Costa Smith"]
[Result "0-1"]
[WhiteElo "1773"]
[BlackElo "2093"]
[PlyCount "76"]
[EventDate "2015.12.12"]
[EventType "swiss"]
[EventRounds "5"]
[EventCountry "BRA"]
[SourceTitle "EXT 2022"]
[Source "ChessBase"]
[SourceDate "2021.10.06"]
[SourceVersion "1"]
[SourceVersionDate "2021.10.06"]
[SourceQuality "1"]

1. e4 c5 2. Nc3 e6 3. g3 Nc6 4. Bg2 a6 5. Nge2 g6 6. 0-0 Bg7 7. d3 Nge7 8. Bf4 d6 9. Qd2 h6 10. Rad1 b5 11. a3 Rb8 12. b4 e5 13. Be3 Nd4 14. f4 cxb4 15. axb4 Nec6 16. Rf2 Nxe2+ 17. Nxe2 Nd4 18. Rdf1 Nxe2+ 19. Rxe2 exf4 20. Bxf4 g5 21. Be3 0-0 22. Ref2 Be6 23. e5 dxe5 24. Ba7 Rc8 25. Bb7 Rc7 26. Bb6 Rxc2 27. Qxc2 Qxb6 28. Qc6 Qxc6 29. Bxc6 f5 30. Rc2 Rd8 31. Rf3 g4 32. Re3 Rd4 33. Rb2 Kf7 34. Rb1 Rd6 35. Bb7 e4 36. Kf1 exd3 37. Ke1 Ba2 38. Rd1 Bc3+ 0-1

[Event "Natal Academia Potiguar 17th"]
[Site "Natal"]
[Date "2015.11.15"]
[Round "5.4"]
[White "Borges, Caique Ferreira"]
[Black "Batista, Francisco Klemberg"]
[Result "0-1"]
[WhiteElo "1727"]
[BlackElo "1793"]
[PlyCount "48"]
[EventDate "2015.11.13"]
[EventType "tourn"]
[EventRounds "9"]
[EventCountry "BRA"]
[SourceTitle "EXT 2022"]
[Source "ChessBase"]
[SourceDate "2021.10.06"]
[SourceVersion "1"]
[SourceVersionDate "2021.10.06"]
[SourceQuality "1"]

1. e4 c5 2. Nc3 Nc6 3. Nge2 Nf6 4. g3 d5 5. exd5 Nxd5 6. Bg2 e6 7. 0-0 Be7 8. d3 Nxc3 9. Nxc3 Bd7 10. Qg4 0-0 11. Ne4 f5 12. Qh3 fxe4 13. Bxe4 g6 14. Bh6 Rf7 15. f4 Nd4 16. g4 Bc6 17. f5 gxf5 18. gxf5 Nxf5 19. Bxf5 exf5 20. Rf4 Qd5 21. Kf2 Bf6 22. Rxf5 Bd4+ 23. Ke2 Re8+ 24. Kd2 Qxf5 0-1

[Event "Natal Academia Potiguar 17th"]
[Site "Natal"]
[Date "2015.11.15"]
[Round "4.2"]
[White "Macedo, Alexandre Soares"]
[Black "Borges, Caique Ferreira"]
[Result "1-0"]
[WhiteElo "1868"]
[BlackElo "1727"]
[PlyCount "51"]
[EventDate "2015.11.13"]
[EventType "tourn"]
[EventRounds "9"]
[EventCountry "BRA"]
[SourceTitle "EXT 2022"]
[Source "ChessBase"]
[SourceDate "2021.10.06"]
[SourceVersion "1"]
[SourceVersionDate "2021.10.06"]
[SourceQuality "1"]

1. b4 Nf6 2. Bb2 d5 3. e3 Bf5 4. Nf3 e6 5. a3 Nbd7 6. Be2 Be7 7. 0-0 0-0 8. d3 c6 9. Nbd2 a5 10. bxa5 Qxa5 11. c4 Nc5 12. Qc2 Rfd8 13. Nh4 Qa4 14. Qxa4 Nxa4 15. Nxf5 exf5 16. Rfb1 Nd7 17. cxd5 cxd5 18. d4 Rdc8 19. Bd3 g6 20. Kf1 Ndb6 21. Bc1 Rc3 22. Ke2 Rxa3 23. Bxa3 Nc3+ 24. Ke1 Nxb1 25. Nxb1 Nc4 26. Bb2 1-0

[Event "Rio Grande do Norte zt CBX"]
[Site "Natal"]
[Date "2015.03.27"]
[Round "1.11"]
[White "Medeiros, Israel Costa Smith"]
[Black "Borges, Caique Ferreira"]
[Result "1-0"]
[WhiteElo "1944"]
[BlackElo "1816"]
[PlyCount "143"]
[EventDate "2015.03.27"]
[EventType "swiss"]
[EventRounds "5"]
[EventCountry "BRA"]
[SourceTitle "EXT 2022"]
[Source "ChessBase"]
[SourceDate "2021.10.06"]
[SourceVersion "1"]
[SourceVersionDate "2021.10.06"]
[SourceQuality "1"]

1. e4 e6 2. d4 d5 3. Nc3 Nf6 4. e5 Nfd7 5. f4 c5 6. Nf3 Nc6 7. Be3 Qb6 8. Na4 Qa5+ 9. c3 c4 10. b4 cxb3 11. axb3 a6 12. b4 Qc7 13. Bd3 Nb6 14. Nc5 Nc4 15. Bxc4 dxc4 16. d5 exd5 17. Qxd5 b6 18. b5 Bxc5 19. Bxc5 Be6 20. Qd6 Qxd6 21. exd6 Na7 22. Rxa6 0-0 23. Rxb6 Nxb5 24. Rxb5 Ra1+ 25. Ke2 Rxh1 26. Bg1 Bg4 27. Kf2 Rd8 28. Ne5 Be6 29. Nc6 Bd7 30. Rb8 Re8 31. Rxe8+ Bxe8 32. Nb8 h5 33. d7 Bxd7 34. Nxd7 h4 35. Ne5 f6 36. Nxc4 g5 37. Ne3 Kf7 38. f5 Ke7 39. Nd5+ Kd6 40. c4 g4 41. Kf1 Ke5 42. Ne3 Kf4 43. c5 g3 44. h3 Ke5 45. Ng4+ Kxf5 46. c6 Ke6 47. c7 Kd7 48. c8Q+ Kxc8 49. Nxf6 Kd8 50. Nh7 Ke7 51. Ng5 Kf6 52. Nf3 Kf5 53. Nxh4+ Kf4 54. Ng6+ Kf5 55. Ne7+ Ke5 56. Nc6+ Ke4 57. Nb4 Kf4 58. Nd5+ Kg5 59. Nc3 Kh5 60. Ne2 Kh4 61. Nd4 Kg5 62. Nf3+ Kf5 63. Ke2 Ke4 64. Kd2 Kf4 65. Kd3 Rxh3 66. Be3+ Kg4 67. Ne5+ Kf5 68. gxh3 Kxe5 69. Bg1 Kf4 70. Ke2 Kg5 71. Kf3 Kh4 72. Kg2 1-0